=LDR 00000nam 2200000 4500 =001 INLIS000000000056024 =005 20200812081939 =035 ##$$a 0010-0820000165 =007 ta =008 200812###########################0#eng## =020 ##$$a 0 7181 1753 0 =082 ##$$a 942.81 =084 ##$$a 942.81 Her j =100 #$$a James Herriot =245 1#$$a James Herriot's Yorkshire /$c James Herriot =260 ##$$a London =300 ##$$a 227 Halaman : $b Ilustrasi ; $c 24 Cm. =650 #4$$a Yorkshire (Inggris) =520 ##$$a Index: 222-223 =990 ##$$a 28262826